| 000 | 005060000a22001930004500 | ||
|---|---|---|---|
| 001 | 001948 | ||
| 003 | MACL | ||
| 005 | 20150818155641.0 | ||
| 008 | 150818b xxu||||| |||| 00| 0 eng d | ||
| 040 |
_aMACL _cMACL |
||
| 041 | _aEnglish | ||
| 082 | _a580.742/CHA | ||
| 100 |
_aChaudhari, Homgani _96130 |
||
| 245 |
_aThe Case of the Himalayan Herb _cHomgani Chaudhari |
||
| 260 |
_aNew Delhi _c2000 _bMadhuban Educational Books, |
||
| 350 | _a55 | ||
| 650 |
_aChildren's Book _93410 |
||
| 942 |
_k742 _cBK _2ddc |
||
| 999 |
_c13864 _d13864 |
||